[Event "BL2-Sued 0910"]
[Site "Germany"]
[Date "2010.02.28"]
[Round "7.8"]
[White "Cherniavsky, Anton"]
[Black "Bogner, Norbert"]
[Result "1-0"]
[WhiteElo "2163"]
[BlackElo "2074"]
[PlyCount "63"]
[EventDate "2009.10.18"]
[EventType "team-tourn"]
[EventRounds "9"]
[EventCountry "GER"]
[SourceTitle "EXT 2011"]
[Source "ChessBase"]
[SourceDate "2010.11.26"]
[SourceVersion "1"]
[SourceVersionDate "2010.11.26"]
[SourceQuality "1"]
[WhiteTeam "Griesheim"]
[BlackTeam "Neuhausen"]
[WhiteTeamCountry "GER"]
[BlackTeamCountry "GER"]

1. e4 c5 2. c3 Nf6 3. e5 Nd5 4. d4 cxd4 5. Nf3 e6 6. cxd4 d6 7. Bc4 Nb6 8. Bd3 Nc6 9. 0-0 Be7 10. Nc3 dxe5 11. dxe5 Nb4 12. Be4 0-0 13. Qe2 a6 14. Rd1 Qc7 15. Bg5 Nc6 16. Rac1 h6 17. Bxe7 Qxe7 18. Bxc6 bxc6 19. Ne4 Bb7 20. Nd4 Nd7 21. Nxc6 Bxc6 22. Rxc6 Nxe5 23. Rxa6 Rxa6 24. Qxa6 Qb4 25. Qe2 Rb8 26. b3 Ra8 27. Nd6 Ng6 28. Qf3 Rxa2 29. Qxf7+ Kh7 30. Ne8 Qd4 31. Rf1 Ra7 32. Nf6+ 1-0

[Event "Oberliga Ost-B 0809"]
[Site "Germany"]
[Date "2009.02.01"]
[Round "7.6"]
[White "Jacobi, Robin"]
[Black "Cherniavsky, Anton"]
[Result "0-1"]
[WhiteElo "1957"]
[BlackElo "2187"]
[PlyCount "77"]
[EventDate "2008.10.26"]
[EventType "team-tourn"]
[EventRounds "11"]
[EventCountry "GER"]
[SourceTitle "EXT 2010"]
[Source "ChessBase"]
[SourceDate "2010.11.25"]
[SourceVersion "1"]
[SourceVersionDate "2010.11.25"]
[SourceQuality "1"]
[WhiteTeam "Erfurt Empor"]
[BlackTeam "Griesheim"]
[WhiteTeamCountry "GER"]
[BlackTeamCountry "GER"]

1. Nf3 Nf6 2. g3 g6 3. Bg2 Bg7 4. 0-0 0-0 5. c4 d6 6. d4 Nbd7 7. Qc2 e5 8. Rd1 exd4 9. Nxd4 Rb8 10. Nc3 a6 11. e4 Re8 12. f3 Nc5 13. Be3 Nfd7 14. b4 Ne6 15. Nxe6 fxe6 16. Rac1 Ne5 17. Qe2 b5 18. cxb5 axb5 19. Bd4 Bd7 20. f4 Nc4 21. Bxg7 Kxg7 22. a4 c6 23. Kh1 Qe7 24. Nb1 e5 25. f5 gxf5 26. exf5 d5 27. axb5 Rxb5 28. f6+ Kxf6 29. Nc3 Rxb4 30. Bxd5 Nd6 31. Ra1 Kg7 32. Ra7 Rd4 33. Qf3 Rf8 34. Qh5 Rxd1+ 35. Qxd1 cxd5 36. Nxd5 Qf7 37. Nb6 Bc6+ 38. Kg1 Qxa7 39. Qg4+ 0-1

[Event "Bad Zwesten op 8th"]
[Site "Bad Zwesten"]
[Date "2004.01.04"]
[Round "4"]
[White "Cherniavsky, Anton"]
[Black "Reschke, Stefan"]
[Result "1/2-1/2"]
[WhiteElo "2140"]
[BlackElo "2362"]
[PlyCount "72"]
[EventDate "2004.01.??"]
[EventType "swiss"]
[EventRounds "9"]
[EventCountry "GER"]
[SourceTitle "CBM 098 Extra"]
[Source "ChessBase"]
[SourceDate "2004.03.10"]
[SourceVersion "2"]
[SourceVersionDate "2004.03.10"]
[SourceQuality "1"]

1. e4 c5 2. Nf3 Nc6 3. d4 cxd4 4. Nxd4 g6 5. Nc3 Bg7 6. Be3 Nf6 7. f3 d5 8. Bb5 Bd7 9. exd5 Nb4 10. Bc4 Rc8 11. Qe2 Nbxd5 12. Bxd5 Nxd5 13. Nxd5 Qa5+ 14. Nc3 Rxc3 15. bxc3 Qxc3+ 16. Kf2 Bxd4 17. Bxd4 Qxd4+ 18. Qe3 Qa4 19. Rhe1 0-0 20. Qe4 Rc8 21. Qxa4 Bxa4 22. Rac1 Kf8 23. c4 Rc5 24. f4 Ra5 25. Re5 Ra6 26. Rc3 Bc6 27. a3 Rb6 28. Rce3 e6 29. g4 Kg7 30. Rd3 h6 31. h4 Kf6 32. Ree3 Ba4 33. Rd2 Rc6 34. Rd4 Rc5 35. Ke2 a6 36. Kd2 Ke7 1/2-1/2